000
00289nam a2200121Ia 4500
005
20251222144856.0
008
251222s9999||||xx |||||||||||||| ||spa||
082
_a
343.052/I97/2004/T.2
100
_a
Iza Stoll, Fernando
245
0
_a
Teoria y Práctica:
264
_b
Tinco
942
_c
LIB
999
_c
21800
_d
21800